zpět

Detail výsledku týmu

Pivovar Podlesí, Příbram

Datum a čas kvízu

27.5 Celkem bodů Celkový počet nahraných bodů na tomto kvízu bez doplňovacích otázek.
8. Pořadí na kvízu Konečné umístění týmu na tomto kvízu.

Zaznamenané odpovědi

# Otázka Odpověď Body Výsledky
1. ODS v pondělí představila svou... 1B 2C 3D 4A 1
2. Donald Trump daroval členům sv... boty 0
3. Tento muž bude reprezentovat Č... Daniel Žižka 0
4. V rámci oslav 75. výročí od vz... Escherichia coli (E. coli) 1
5. V pátek se Česko po 24 letech... Carina Edlingerová; (para)biatlon 0.5
6. Nejrozšířenějším „národním spo... D 1
7. Za národní sport lze považovat... národní házená (česká házená) 1
8. Některé země mají svůj národní... lakros 1
9. U uzákoněných národních sportů... polo; basketbal 0
10. I medailové úspěchy z olympijs... D 1